000 00563nam a2200217Ia 4500
003 OSt
005 20220928140613.0
006 a|||||r|||| 00| 0
007 ta
008 220927b |||||||| |||| 00| 0 eng d
024 _a9860
037 _cTextual
040 _aSDCL
_cSDCL
_beng
041 _2eng
_aeng
082 _aX:77.1'N, M2
100 _aSawhny Leslie
_9496186
245 0 _aAccountability in development national and international
260 _c1982
942 _hX:77.1'N, M2
_cTEXL
_2CC
999 _c812467
_d812467